Top 10 Girl Names Ending in 'N' per Decade Quiz Stats

Quiz Updated Nov 17, 2015

Challenge
Share
Tweet
Embed
Score 0/130 Timer 10:00
16 Plays Today
Decade Name % Correct
1880sAnn
85.4%
1890sAnn
85.4%
1900sAnn
85.4%
1910sAnn
85.4%
1920sAnn
85.4%
1930sAnn
85.4%
1940sAnn
85.4%
1950sAnn
85.4%
1960sAnn
85.4%
1940sKaren
75.1%
1950sKaren
75.1%
1960sKaren
75.1%
1970sKaren
75.1%
1980sKaren
75.1%
1880sHelen
68.3%
1890sHelen
68.3%
1900sHelen
68.3%
1910sHelen
68.3%
1920sHelen
68.3%
1930sHelen
68.3%
1940sHelen
68.3%
1880sEllen
66.3%
1890sEllen
66.3%
1900sEllen
66.3%
1910sEllen
66.3%
1980sLauren
65.8%
1990sLauren
65.8%
2000sLauren
65.8%
1880sSusan
64.7%
1890sSusan
64.7%
1940sSusan
64.7%
1950sSusan
64.7%
1960sSusan
64.7%
1970sSusan
64.7%
1920sJoan
63.1%
1930sJoan
63.1%
1940sJoan
63.1%
1880sJean
56.9%
1890sJean
56.9%
1900sJean
56.9%
1910sJean
56.9%
1920sJean
56.9%
1930sJean
56.9%
1940sJean
56.9%
Decade Name % Correct
1950sJean
56.9%
1940sSharon
56.5%
1950sSharon
56.5%
1960sSharon
56.5%
1970sSharon
56.5%
1930sCarolyn
55.3%
1940sCarolyn
55.3%
1950sCarolyn
55.3%
1960sCarolyn
55.3%
1980sMegan
54.9%
1990sMegan
54.9%
2000sMegan
54.9%
1970sErin
54.6%
1980sErin
54.6%
1990sErin
54.6%
1990sMadison
54.1%
2000sMadison
54.1%
1880sMarian
53%
1890sMarian
53%
1900sMarian
53%
1910sMarian
53%
1920sMarian
53%
1880sKathryn
51.5%
1890sKathryn
51.5%
1900sKathryn
51.5%
1910sKathryn
51.5%
1950sKathryn
51.5%
1960sKathryn
51.5%
1980sKathryn
51.5%
1880sEvelyn
50.9%
1890sEvelyn
50.9%
1900sEvelyn
50.9%
1910sEvelyn
50.9%
1920sEvelyn
50.9%
1930sEvelyn
50.9%
2000sEvelyn
50.9%
1920sMarilyn
50.9%
1930sMarilyn
50.9%
1940sMarilyn
50.9%
1950sMarilyn
50.9%
1970sKristen
50.3%
1980sKristen
50.3%
1990sKristen
50.3%
1880sMarion
49.6%
Decade Name % Correct
1890sMarion
49.6%
1900sMarion
49.6%
1910sMarion
49.6%
1920sMarion
49.6%
1980sAllison
46.7%
1990sAllison
46.7%
2000sAllison
46.7%
1930sKathleen
43.7%
1940sKathleen
43.7%
1950sKathleen
43.7%
1960sKathleen
43.7%
1970sKathleen
43.7%
1980sKathleen
43.7%
1880sLillian
43.3%
1890sLillian
43.3%
1900sLillian
43.3%
1910sLillian
43.3%
1920sLillian
43.3%
1930sLillian
43.3%
2000sLillian
43.3%
1970sKristin
41.6%
1980sShannon
41.5%
1970sShannon
41.3%
1990sMorgan
40.9%
2000sMorgan
40.9%
1990sKaitlyn
40.7%
2000sKaitlyn
40.7%
1900sVivian
39.6%
1910sVivian
39.6%
1920sVivian
39.6%
1930sJoann
38.6%
1990sKatelyn
38%
2000sKatelyn
38%
2000sAddison
37.2%
1960sDawn
36.8%
1970sDawn
36.8%
1990sJordan
36.1%
1950sRobin
33%
1960sRobin
33%
1970sRobin
33%
1980sMeghan
32.9%
1960sColleen
30.7%

You're not logged in!

Compare scores with friends on all Sporcle quizzes.
Sign Up with Email
OR
Log In

You Might Also Like...

Show Comments

Extras

Top Quizzes Today


Score Distribution

Your Account Isn't Verified!

In order to create a playlist on Sporcle, you need to verify the email address you used during registration. Go to your Sporcle Settings to finish the process.